| 000 | 00814cam a2200205 a 4500 | ||
|---|---|---|---|
| 999 |
_c7565 _d7565 |
||
| 003 | OSt | ||
| 005 | 20200313133033.0 | ||
| 008 | 080716s2009 cauab b 001 0 eng c | ||
| 020 | _a9781412947053 (pbk.) | ||
| 040 |
_aUKM _cUKM _dBTCTA _dBAKER _dYDXCP _dBWK _dBWKUK _dBWX _dCDX _dIQU _dDLC |
||
| 082 | 0 | 0 |
_a628 _222 _bKEN |
| 245 | 0 | 0 |
_aEnvironmental sciences : _ba student's companion / _cKenneth J. Gregory ... [et al.]. |
| 260 |
_aLos Angeles : _bSAGE, _c2009. |
||
| 300 |
_axiv, 441 p. : _bill., maps ; _c24 cm. |
||
| 504 | _aIncludes bibliographical references and index. | ||
| 505 | 0 | _aEnvironmental sciences -- Environments -- Paradigms/Concepts -- Processes and dynamics -- Scales and techniques -- Environmental issues. | |
| 650 | 0 | _aEnvironmental sciences. | |
| 700 | 1 |
_aGregory, K. J. _q(Kenneth John) |
|
| 942 | _2ddc | ||